Edward G. Robinson Filmography - Statistics

General Stats
  • This quiz has been taken 11 times
    3 since last reset
  • The average score is 6 of 177
Answer Stats
Type Year Name % Correct
Film 1973 Soylent Green
100%
Film 1964 Cheyenne Autumn
50%
Film 1944 Double Indemnity
50%
Film 1948 Key Largo
50%
Film 1931 Little Caesar
50%
Film 1945 Scarlet Street
50%
Film 1938 The Amazing Dr. Clitterhouse
50%
Film 1946 The Stranger
50%
Film 1955 The Violent Men
50%
Film 1944 The Woman in the Window
50%
Radio Series 1946 This Is Hollywood
50%
Film 1955 A Bullet for Joey
0%
Film 1952 Actors and Sin
0%
Short Film 1937 A Day at Santa Anita
0%
Film 1940 A Dispatch from Reuter's
0%
Film 1959 A Hole in the Head
0%
Film 1930 A Lady to Love
0%
Short Documentary 1967 All About People
0%
Film 1948 All My Sons
0%
Theater 1928 A Man with Red Hair
0%
Short Film 1946 American Creed
0%
Theater 1925-1926 Androcles and the Lion
0%
Short Film 1930 An Intimate Dinner in Celebration of Warner Bros. Silver Jubilee
0%
Radio Series 1943 Anti-Submarine Patrol
0%
Film 1916 Arms and the Woman
0%
Theater 1923 A Royal Fandango
0%
Film 1938 A Slight Case of Murder
0%
Theater 1922 Banco
0%
Film 1935 Barbary Coast
0%
TV Show 1967 Batman
0%
Film 1953 Big Leaguer
0%
Radio Series 1937-1943 Big Town
0%
Film 1939 Blackmail
0%
Film 1954 Black Tuesday
0%
Short Film 1947 Blow Ups of 1947
0%
TV Show 1969, 1970 Bracken's World
0%
Short Film 1936 Breakdowns of 1936
0%
Short Film 1940 Breakdowns of 1939
0%
Short Film 1942 Breakdowns of 1942
0%
Film 1940 Brother Orchid
0%
Film 1936 Bullets or Ballots
0%
TV Show 1955 Celebrity Playhouse
0%
TV Show 1954 Climax!
0%
Film 1939 Confessions of a Nazi Spy
0%
Film 1934 Dark Hazard
0%
Theater 1951 Darkness at Noon
0%
Film 1943 Destroyer
0%
Film 1930 Die Sehnsucht Jeder Frau
0%
Film 1940 Dr. Elrich's Magic Bullet
0%
Film 1930 East Is West
0%
Documentary Series 1967 Eye on Art
0%
Theater 1919 First Is Last
0%
Film 1931 Five Star Final
0%
Film 1943 Flesh and Fantasy
0%
TV Film 1954 For the Defense
0%
TV Show 1961 General Electric Theater
0%
TV Show 1968 George Jessel's Here Come the Stars
0%
Film 1964 Good Neighbor Sam
0%
TV Show 1959 Goodyear Theatre
0%
Film 1967 Grand Slam
0%
Film 1955 Hell on Frisco Bay
0%
Theater 1926 Henry-Behave
0%
Film 1949 House of Strangers
0%
Short Film 1931 How I Play Golf, by Bobby Jones No. 10: 'Trouble Shots'
0%
Film 1938 I Am the Law
0%
Film 1955 Illegal
0%
Film 1933 I Loved a Woman
0%
Short Documentary 1959 Israel
0%
Film 1949 It's a Great Feeling
0%
Film 1968 It's Your Move
0%
Film 1945 Journey Together
0%
Theater 1926 Juarez and Maximilian
0%
Theater 1929 Kibitzer
0%
Film 1937 Kid Galahad
0%
Film 1942 Larceny, Inc.
0%
Theater 1923 Launzi
0%
Radio Series 1938, 1939, 1942, 1943 Lux Radio Theatre
0%
TV Show 1953 Lux Video Theatre
0%
Short Documentary 1943 Magic Bullets
0%
Film 1941 Manpower
0%
TV Show 1969 Medical Center
0%
Theater 1956-1957 Middle of the Night
0%
TV Film 1974 Mooch
0%
TV Film 1971 Mooch Goes to Hollywood
0%
Documentary 1942 Moscow Strikes Back
0%
Theater 1930 Mr. Samuel
0%
Film 1944 Mr. Winkle Goes to War
0%
Film 1962 My Geisha
0%
Theater 1926-1927 Ned McCobb's Daughter
0%
Film 1972 Neither by Day nor by Night
0%
Film 1968 Never a Dull Moment
0%
TV Show 1971 Night Gallery
0%
Film 1948 Night Has a Thousand Eyes
0%
Theater 1919-1920 Night Lodging
0%
Film 1956 Nightmare
0%
Film 1930 Night Ride
0%
TV Show 1967 Off to See the Wizard
0%
Film 1967 Operation St. Peter's
0%
Film 1950 Operation X
0%
Film 1945 Our Vines Have Tender Grapes
0%
Film 1930 Outside the Law
0%
Theater 1923 Peer Gynt
0%
Film 1960 Pepe
0%
TV Show 1958 Playhouse 90
0%
Theater 1920 Poldekin
0%
Short Film 1941 Polo with the Stars
0%
Theater 1927 Right You Are If You Think You Are
0%
Film 1964 Robin and the 7 Hoods
0%
TV Show 1971 Rowan & Martin's Laugh-In
0%
Film 1963 Sammy Going South
0%
Theater 1920-1921 Samson and Delilah
0%
Radio Series 1950 Screen Directors Playhouse
0%
Short Documentary 1951 Screen Snapshots: Hollywood Memories
0%
Film 1960 Seven Thieves
0%
Film 1932 Silver Dollar
0%
Film 1931 Smart Money
0%
Film 1970 Song of Norway
0%
TV Show 1960 Sunday Showcase
0%
Radio Series 1946 Suspense
0%
Film 1942 Tales of Manhattan
0%
Film 1944 Tampico
0%
Theater 1923 The Adding Machine
0%
Film 1968 The Biggest Bundle of Them All
0%
Film 1967 The Blonde from Peking
0%
Film 1923 The Bright Shawl
0%
Theater 1927 The Brothers Karamazov
0%
Theater 1926 The Chief Thing
0%
Film 1965 The Cincinnati Kid
0%
Theater 1917, 1922 The Deluge
0%
TV Show 1961 The Detectives
0%
TV Show 1962 The DuPont Show of the Week
0%
TV Show 1956, 1965 The Ed Sullivan Show
0%
Theater 1924-1925 The Firebrand
0%
TV Show 1955 The Ford Television Theatre
0%
Film 1953 The Glass Web
0%
Theater 1926 The Goat Song
0%
Film 1932 The Hatchet Man
0%
Short Documentary 1957 The Heart of Show Business
0%
Film 1929 The Hole in the Wall
0%
Theater 1921-1922 The Idle Inn
0%
Screenplay 1930 The Kibitzer
0%
Film 1937 The Last Gangster
0%
Film 1933 The Little Giant
0%
Theater 1918 The Little Teacher
0%
TV Show 1966 The Lucy Show
0%
Film 1934 The Man with Two Faces
0%
TV Show 1954 The Martha Raye Show
0%
TV Show 1953 The Milton Berle Show
0%
TV Film 1970 The Old Man Who Cried Wolf
0%
Film 1964 The Outrage
0%
Theater 1917 The Pawn
0%
Film 1963 The Prize
0%
Theater 1927-1928 The Racket
0%
Film 1947 The Red House
0%
TV Film 1960 The Right Man
0%
Radio Series 1940, 1941, 1944, 1948 The Screen Guild Theater
0%
Film 1941 The Sea Wolf
0%
TV Show 1970 The Silent Force
0%
TV Show 1957, 1960 The Steve Allen Plymouth Show
0%
Short Film 1931 The Stolen Jools
0%
Film 1956 The Ten Commandments
0%
Film 1935 The Whole Town's Talking
0%
Film 1930 The Widow from Chicago
0%
Film 1937 Thunder in the City
0%
Film 1932 Tiger Shark
0%
Film 1955 Tight Spot
0%
Film 1932 Two Seconds
0%
Film 1962 Two Weeks in Another Town
0%
TV Pilot 1969 U.M.C.
0%
Theater 1915-1916 Under Fire
0%
Theater 1916 Under Sentence
0%
Film 1941 Unholy Partners
0%
Short Documentary 1939 Verdensberømtheder i København
0%
Film 1953 Vice Squad
0%
Radio Series 1941 We Hold These Truths
0%
TV Film 1965 Who Has Seen the Wind?
0%
TV Show 1959 Zane Grey Theatre
0%
No matching quizzes found
Score Distribution
Percent of People with Each Score
Percentile by Number Answered
Your Score History
You have not taken this quiz since the last reset